000
00352nam a2200157Ia 4500
003
0STCL
008
150530s9999 xx 000 0 und d
040
_a
STCL
_c
STCL
100
_a
Ramachandran Nair, N.
245
_a
Glimpses of Modern Prose
260
_c
2005
546
_a
English
942
_2
ddc
_c
BK
999
_c
60252
_d
60252
005
20220125171132.0